Textos jurídicos Agustinianos II

Guardat en:
Dades bibliogràfiques
Autor principal: Difernan, Bonifacio (Autor)
Format: Llibre
Idioma:espanyol
llatí
Publicat: Madrid Universidad de El Escorial 1957
Col·lecció:Textos Escolástico Agustinianos
Matèries:
Etiquetes: Afegir etiqueta
Sense etiquetes, Sigues el primer a etiquetar aquest registre!

MARC

LEADER 00000nam a2200000 a 4500
001 UCI9182
003 CL-VaPUC
008 081030e19570000sp |||||||||||||||||spa|d
041 0 7 |a spa  |2 CL-VaPUC 
041 0 7 |a lat  |2 CL-VaPUC 
082 0 4 |a 340.55  |b DIF  |2 21 
100 0 |a Difernan, Bonifacio  |e author  |9 532784 
245 1 0 |a Textos jurídicos Agustinianos II 
300 |a 119 p 
942 |c BK 
945 |d 20081030 00:00:00  |a rbrito 
260 |a Madrid  |b Universidad de El Escorial  |c 1957 
650 7 |a DERECHO MEDIEVAL ESPAÑOL  |2 CL-VaPUC  |9 430402 
650 0 |a Historia del derecho  |9 255109 
650 7 |a HOMICIDIO  |2 CL-VaPUC  |9 336529 
583 |a last modification  |c 20171220 02:42:23  |k Rodrigo Vera 
490 0 |a Textos Escolástico Agustinianos 
999 |c 331769  |d 331767 
952 |0 0  |1 0  |4 0  |6 340_550000000000000_DIF_1957  |7 0  |8 A  |9 418848  |a BIBDER  |b BIBDER  |d 2019-11-22  |i 449072K  |o 340.55 DIF 1957  |p 449072K  |r 2023-01-25  |w 2019-11-22  |y BK  |k DER